00870nam a22001937a 4500082002900000110003000029245007900059260008600138300001200224526003700236526003700273526003700310650001300347942001200360999001900372952009500391952009500486952009500581 a624.152bGOVcL-16, P-11 aGovt of Punjab Rwp942650 aRasul manual no.8 for subordinate engieers earthwork /cGovt of Punjab Rwp aPakisan :bGovt of Punja Pubic Works Department Building and Road Branch.cc1955. a59 p. : a0b0c0d624_152000000000000_GOV a0b0c0d624_152000000000000_GOV a0b0c0d624_152000000000000_GOV aMCE9379 2ddccBK c546504d546504 00102ddc4070aMCEbMCEd2014-06-12l0o624.152 GOVpMCE-542r2014-06-12w2014-06-12yBK 00102ddc4070aMCEbMCEd2014-06-12l0o624.152 GOVpMCE-601r2014-06-12w2014-06-12yBK 00102ddc4070aMCEbMCEd2014-06-12l0o624.152 GOVpMCE-600r2014-06-12w2014-06-12yBK